| 000 | 00590nam a22002057a 4500 | ||
|---|---|---|---|
| 999 |
_c8880 _d8880 |
||
| 003 | AR-CdUCM | ||
| 008 | 190326b ||||| |||| 00| 0 spa d | ||
| 040 |
_aMUNICIPALIDAD PROVINCIAL DEL CUSCO _cBIBLIOTECA MUNICIPAL DEL CUSCO |
||
| 082 |
_a782 / _bC14 |
||
| 100 |
_aCalderón U, Luis _924691 |
||
| 245 | _aCanto y elegía a Machupijchu / | ||
| 260 |
_aCuzco : _c1969. |
||
| 300 | _c21 cm. | ||
| 500 | _aLibro sin numeración | ||
| 505 | _aContenido :Canto y elegía a Macupijchu / | ||
| 650 |
_aMúsica vocal _924692 |
||
| 650 |
_aCanto _9955 |
||
| 942 |
_2ddc _cLIBROS |
||
| 945 | _arjall | ||